Tomek v krajine kengúr

Bibliographic Details
Main Author: Szklarski, Alfred, 1912-1992 (Author)
Other Authors: Hucman, Jozef (Translator), Zięba, Wiesław (Illustrator)
Format: Book
Language:Slovak
Polish
PhysicalDescription:235 s. ilustr. 21 cm
Published: Bratislava Aktuell 1995
ISBN:8088733340
Subjects:

MARC

LEADER 00000cam a2200000 a 4500
001 vtls001124941
003 SK-MaSNL
005 20260301194044.0
008 240611s1995 xo a cra 000 f slo
015 |a SNBA1996/0300652 
020 |a 8088733340 
035 |a SNK000067787 
035 |a urn:nbn:sk:snk-amk2s8 
035 |a urn:nbn:sk:snk-am0083ht 
035 |a 9A44F3BF-1E27-4F41-8F2F-0DE77DE34AF4 
040 |a SNK  |b slo  |c SNK  |e AACR2 
041 1 |a slo  |h pol 
044 |a xo  |c SK 
080 |a 884-3(087.5)  |2 1981 
100 1 |a Szklarski, Alfred,  |d 1912-1992  |4 aut  |9 243510 
240 1 0 |a Tomek w krainie kangurów  |l Slovensky 
245 1 0 |a Tomek v krajine kengúr  |c Alfred Szklarski ; z poľského originálu Tomek w krainie kangurów ... preložil Jozef Hucman ; ilustroval Wiesław Zięba 
260 |a Bratislava  |b Aktuell  |c 1995 
300 |a 235 s.  |b ilustr.  |c 21 cm 
500 |a Ilustrácie na predsádkach 
655 7 |a poľské romány  |2 SNKPH  |9 70521 
655 7 |a dobrodružné romány  |2 SNKPH  |9 70486 
655 7 |a literatúra pre mládež  |2 SNKPH  |9 89423 
700 1 |a Hucman, Jozef  |4 trl  |9 44390 
700 1 |a Zięba, Wiesław  |4 ill  |9 47879 
852 |a Slovenská národná knižnica 
919 |a 80-88733-34-0 
954 |a beletria cudzojazyčná (svetová)  |2 lita 
958 |a TL 
958 |a UP 
958 |a LX 
958 |a NS 
958 |a PL 
958 |a DB 
968 |b POL 
999 |c 880346  |d 882276 
952 |t P60, <09>, [BOOK], {629}  |a SNK  |b SNK  |y NEVYP  |7 0  |o snkC 149  |i snk276/960116  |0 0  |1 0  |4 0  |d 1996-01-15  |l 0  |r 2004-12-31 00:00:00  |w 2026-02-24 
952 |t P60, <05>, [BOOK], {605}  |a SNK  |b SNK  |y PREZ  |7 0  |p 17A0079198  |o snkSC 89742 D1  |i snkKSP 00647/96  |0 0  |1 0  |4 0  |d 1996-01-15  |l 0  |r 2004-12-31 00:00:00  |w 2026-02-24 
952 |a SNK  |b SNK  |y PREZ  |7 0  |p 17A1014201  |o snkSC 89742  |i snkKSP 00646/96  |0 0  |1 0  |4 0  |d 2012-08-22  |f 1  |l 0  |r 2025-09-09 00:00:00  |w 2026-02-24